THE EFFECTS OF RESEARCH AND DEVELOPMENT INTERGRATION ON ORGANISATIONAL PERFORMANCE IN MANUFACTURING FIRMS: (Record no. 215987)
[ view plain ]
| 000 -LEADER | |
|---|---|
| fixed length control field | 00485nam a22001457a 4500 |
| 008 - FIXED-LENGTH DATA ELEMENTS--GENERAL INFORMATION | |
| fixed length control field | 250804b |||||||| |||| 00| 0 eng d |
| 050 ## - LIBRARY OF CONGRESS CALL NUMBER | |
| Classification number | THE HD 45. M66 2016 |
| Item number | C.1 |
| 100 ## - MAIN ENTRY--PERSONAL NAME | |
| Personal name | MOMANYI, GEORGE WERE |
| 245 ## - TITLE STATEMENT | |
| Title | THE EFFECTS OF RESEARCH AND DEVELOPMENT INTERGRATION ON ORGANISATIONAL PERFORMANCE IN MANUFACTURING FIRMS: |
| Remainder of title | A CRITICAL LITERATURE REVIEW |
| 260 ## - PUBLICATION, DISTRIBUTION, ETC. | |
| Place of publication, distribution, etc. | KISII |
| Name of publisher, distributor, etc. | KSU |
| Date of publication, distribution, etc. | 2016 |
| 300 ## - PHYSICAL DESCRIPTION | |
| Extent | 42P. |
| 500 ## - GENERAL NOTE | |
| General note | INCLUDES REFERENCES |
| 942 ## - ADDED ENTRY ELEMENTS (KOHA) | |
| Source of classification or shelving scheme | Library of Congress Classification |
| Koha item type | Reference |
| Withdrawn status | Lost status | Source of classification or shelving scheme | Damaged status | Not for loan | Collection | Home library | Current library | Shelving location | Date acquired | Inventory number | Total checkouts | Full call number | Barcode | Date last seen | Copy number | Price effective from | Koha item type |
|---|---|---|---|---|---|---|---|---|---|---|---|---|---|---|---|---|---|
| Library of Congress Classification | Not for loan | Special Research | Kisii University Library | Kisii University Library | On Display | 08/04/2025 | 83583 | THE HD 45 .M66 2016 | 000000021163 | 08/04/2025 | C.1 | 08/04/2025 | Reference |